Mestá v ekonomike ekonomika v mestách

Ekonomický rast miest a negatívne dôsledky spojené s nárastom znečistenia, dopravných problémov a negatívnych sociálnych javov, ako sú chudoba, kriminalita, nezamestnanosť. Plánovanie a investovanie do kvalitnej dopravnej infraštruktúry, životného prostredia a riešenia sociálnych problémov. Atraktiv...

Description complète

Enregistré dans:
Détails bibliographiques
Auteur principal: Rehák, Štefan, 1974-
Format: Chapitre de livre
Langue:slovaque
Sujets:
Tags: Ajouter un tag
Pas de tags, Soyez le premier à ajouter un tag!

MARC

LEADER 00000naa a2200000 4500
001 0214213
005 20240502073600.5
041 0 |a slo 
044 |a SK 
245 1 0 |a Mestá v ekonomike ekonomika v mestách  |c Štefan Rehák 
520 |a Ekonomický rast miest a negatívne dôsledky spojené s nárastom znečistenia, dopravných problémov a negatívnych sociálnych javov, ako sú chudoba, kriminalita, nezamestnanosť. Plánovanie a investovanie do kvalitnej dopravnej infraštruktúry, životného prostredia a riešenia sociálnych problémov. Atraktivita a udržateľnosť bývania a podnikania v mestách. 
610 2 0 |a mestá 
610 2 0 |a aglomerácie mestské 
610 2 0 |a plán územný 
610 2 0 |a plánovanie krajiny 
610 2 0 |a infraštruktúra 
610 2 0 |a urbanizácia 
610 2 0 |a vybavenosť občianska 
610 2 0 |a procesy sociálne 
100 1 |a Rehák, Štefan, 1974-